000 00492nam a2200181Ia 4500
001 11910
005 20260306162903.0
008 260306t2023||||xx |||||||||||||| ||spa||
041 _aESP
082 _aHR 300
_bT. 51 N° 1 2022 BULLETIN
110 _aInstitut Français d´Études Andines
245 0 _aBulletin de I´Institut Français d´Études Andines
260 _c2023
300 _avarias paginaciones :
_c24 cm.
650 _aGEN
654 _aCHU
942 _cREV
_dJUS
_fJUS
_2ddc
_n
999 _c11910
_d11910